Historia y presente de la guerra fría
Salvato in:
| Autore principale: | |
|---|---|
| Natura: | Libro |
| Lingua: | spagnolo |
| Pubblicazione: |
Madrid
Istmo
1989
|
| Serie: | Colección Fundamentos, 104
|
| Soggetti: | |
| Tags: |
Aggiungi Tag
Nessun Tag, puoi essere il primo ad aggiungerne!!
|
MARC
| LEADER | 00000nam a2200000 a 4500 | ||
|---|---|---|---|
| 001 | UCX3446 | ||
| 003 | CL-VaPUC | ||
| 008 | 911106e19890000SP |||||||||||||||||spa|d | ||
| 082 | 0 | 4 | |a 327.1 |b PER |2 21 |
| 100 | 0 | |a Pereira Castañares, Juan Carlos |e author |9 319647 | |
| 245 | 1 | 0 | |a Historia y presente de la guerra fría |
| 300 | |a 422 p | ||
| 942 | |c BK | ||
| 945 | |d 19911106 00:00:00 | ||
| 260 | |a Madrid |b Istmo |c 1989 | ||
| 650 | 0 | |a Guerra Fría |9 319648 | |
| 583 | |a last modification |c 19911106 00:00:00 |k Rodrigo Vera | ||
| 490 | 0 | |a Colección Fundamentos, 104 | |
| 999 | |c 224211 |d 224209 | ||
| 952 | |0 0 |1 0 |4 0 |6 327_100000000000000_PER_1989 |7 0 |8 A |9 220703 |a BIBHIS |b BIBHIS |d 2019-11-15 |i 2894165 |l 1 |o 327.1 PER 1989 |p 2894165 |q 2025-05-16 |r 2025-04-16 |s 2025-04-16 |w 2019-11-15 |y BK |k HIS | ||